02585cam a22003735a 45000010009000000050017000090080041000260100017000670200038000840400038001220820019001601000035001792450096002142460034003102500012003442600043003563000038003995000156004375040051005935050838006446500025014826500020015076510010015276530022015376550021015597000024015807000062016049420008016669990017016749520126016919520142018179520126019599520126020851829326620171024104814.0140903t2016 moua frb 001 0 eng d a 2014035140 a9780323321907 (pbk. : alk. paper) aDNLM/DLCbengcDLCdDLCdEG-ScBUE04a615.1bBUR2221 aBurchum, Jacqueline Rosenjack.10aLehne's pharmacology for nursing care /cJacqueline Rosenjack Burchum, Laura D. Rosenthal.30aPharmacology for nursing care a9th ed. aLouis :bSounders / ElSevier,cc.2016. ax, 1414 p. :bcol. ill. ;c28 cm. aPreceded by Pharmacology for nursing care / Richard A. Lehne ; in consultation with Linda A. Moore, Leanna J. Crosby, Diane B. Hamilton. 8th ed. c2013. aIncludes bibliographical references and index.0 aUnit I: Introduction -- Unit II: Basic principles of pharmacology -- Unit III: Drug therapy across the life span -- Unit IV: Peripheral nervous system drugs -- Unit V: Central nervous system drugs -- Unit VI: Drugs that affect fluid and electrolyte balance -- Unit VII: Drugs that affect the heart, blood vessels, and blood -- Unit VIII: Drugs for endocrine disorders -- Unit IX: Women's health -- Unit X: Men's health -- Unit XI: Antiinflammatory, antiallergic, and immunologic drugs -- Unit XII: Drugs for bone and joint disorders -- Unit XIII: Respiratory tract drugs -- Unit XIV: Gastrointestinal drugs -- Unit XV: Nutrition -- Unit XVI: Chemotherapy of infectious diseases -- Unit XVII: Chemotherapy of parasitic diseases -- Unit XVIII: Cancer chemotherapy -- Unit XIX: Miscellaneous drugs and therapies -- Unit XX: Toxicology. 7aPharmacology.2BUEsh 7aNursing.2BUEsh 2BUEsh bNNURcOctober2017 vText book9337281 aRosenthal, Laura D.1 aLehne, Richard A.,d1943-tPharmacology for nursing care. 2ddc c25498d25470 00102ddc40708BaccahaMAINbMAINc1STd2017-10-24ePurchaseg1280.00l0o615.1 BURp000042195r2025-07-15 00:00:00yBB 00102ddc40708BaccahaMAINbMAINc1STd2017-10-24ePurchaseg1280.00l1m23o615.1 BURp000042196r2025-07-15 00:00:00s2018-10-14yBB 00102ddc40708BaccahaMAINbMAINc1STd2017-10-24ePurchaseg1280.00l0o615.1 BURp000042197r2025-07-15 00:00:00yBB 00102ddc40708BaccahaMAINbMAINc1STd2017-10-24ePurchaseg1280.00l0o615.1 BURp000042198r2025-07-15 00:00:00yNB